[Event "World Chess Olympiad 2018"]
[Site "Batumi"]
[Date "2018.09.27"]
[Round "4"]
[Board "1"]
[WhiteFideId "11300507"]
[White "Oatlhotse Providence"]
[BlackFideId "8500037"]
[Black "Kigigha Bomo"]
[Result "1-0"]
[LiveChessVersion "1.4.8"]
[BlackElo "2300"]
[WhiteElo "2206"]

1. c4 {[%clk 1:30:53]} c6 {[%clk 1:30:48]} 2. Nf3 {[%clk 1:30:50]} d5
{[%clk 1:31:17]} 3. g3 {[%clk 1:30:42]} g6 {[%clk 1:31:39]} 4. Bg2
{[%clk 1:30:49]} Bg7 {[%clk 1:32:05]} 5. O-O {[%clk 1:26:50]} e5 {[%clk 1:32:29]}
6. cxd5 {[%clk 1:20:01]} cxd5 {[%clk 1:32:21]} 7. d4 {[%clk 1:15:21]} e4
{[%clk 1:31:53]} 8. Ne5 {[%clk 1:15:11]} f6 {[%clk 1:31:47]} 9. Qa4+
{[%clk 1:15:38]} Kf8 {[%clk 1:29:53]} 10. f3 {[%clk 1:14:59]} Qe8
{[%clk 0:57:40]} 11. Qa3+ {[%clk 1:14:45]} Ne7 {[%clk 0:52:28]} 12. fxe4
{[%clk 1:14:11]} Kg8 {[%clk 0:52:30]} 13. Nd3 {[%clk 1:13:58]} dxe4
{[%clk 0:47:55]} 14. Qb3+ {[%clk 1:10:08]} Qf7 {[%clk 0:47:06]} 15. Qxf7+
{[%clk 1:08:58]} Kxf7 {[%clk 0:47:35]} 16. Bxe4 {[%clk 1:09:22]} Rd8
{[%clk 0:46:14]} 17. e3 {[%clk 1:08:47]} Nbc6 {[%clk 0:45:29]} 18. Nc3
{[%clk 1:07:57]} f5 {[%clk 0:43:28]} 19. Bg2 {[%clk 1:06:33]} Be6
{[%clk 0:43:42]} 20. Nc5 {[%clk 1:03:27]} Bc8 {[%clk 0:39:24]} 21. Nb5
{[%clk 0:53:42]} a6 {[%clk 0:24:30]} 22. Nc7 {[%clk 0:51:54]} Ra7
{[%clk 0:24:53]} 23. d5 {[%clk 0:52:17]} Nd4 {[%clk 0:21:24]} 24. Ne4
{[%clk 0:47:07]} Ne2+ {[%clk 0:18:21]} 25. Kh1 {[%clk 0:47:14]} Nxc1
{[%clk 0:18:42]} 26. Ng5+ {[%clk 0:43:02]} Kg8 {[%clk 0:15:14]} 27. Raxc1
{[%clk 0:43:19]} Bxb2 {[%clk 0:15:05]} 28. Rc2 {[%clk 0:41:51]} Bf6
{[%clk 0:12:16]} 29. Nge6 {[%clk 0:41:21]} Rd7 {[%clk 0:10:09]} 30. g4
{[%clk 0:26:32]} Be5 {[%clk 0:10:34]} 31. gxf5 {[%clk 0:26:41]} gxf5
{[%clk 0:10:58]} 32. e4 {[%clk 0:24:11]} b6 {[%clk 0:07:16]} 33. exf5
{[%clk 0:17:49]} Bxc7 {[%clk 0:05:55]} 34. f6 {[%clk 0:15:04]} Ng6
{[%clk 0:06:13]} 35. d6 {[%clk 0:14:23]} Bxd6 {[%clk 0:05:02]} 36. Rxc8+
{[%clk 0:11:27]} Bf8 {[%clk 0:04:32]} 37. Bh3 {[%clk 0:10:26]} Rd6
{[%clk 0:03:12]} 38. Ng5 {[%clk 0:08:45]} h6 {[%clk 0:00:44]} 39. Be6+
{[%clk 0:08:08]} 1-0

[Event "World Chess Olympiad 2018"]
[Site "Batumi"]
[Date "2018.09.27"]
[Round "4"]
[Board "2"]
[WhiteFideId "8501246"]
[White "Balogun Oluwafemi"]
[BlackFideId "11300280"]
[Black "Khetho Phemelo"]
[Result "0-1"]
[LiveChessVersion "1.4.8"]
[BlackElo "2158"]
[WhiteElo "2275"]

1. e4 {[%clk 1:29:20]} c5 {[%clk 1:30:04]} 2. Nf3 {[%clk 1:29:30]} Nc6
{[%clk 1:30:09]} 3. g3 {[%clk 1:27:24]} g6 {[%clk 1:29:46]} 4. Bg2
{[%clk 1:27:18]} Bg7 {[%clk 1:30:12]} 5. O-O {[%clk 1:26:56]} e6 {[%clk 1:30:15]}
6. Re1 {[%clk 1:25:33]} Nge7 {[%clk 1:29:21]} 7. c3 {[%clk 1:25:19]} d5
{[%clk 1:25:08]} 8. e5 {[%clk 1:24:15]} b5 {[%clk 1:15:11]} 9. d3
{[%clk 1:21:58]} Rb8 {[%clk 1:13:49]} 10. Bf4 {[%clk 1:20:44]} a5
{[%clk 1:08:39]} 11. Nbd2 {[%clk 1:18:30]} c4 {[%clk 1:04:33]} 12. Bf1
{[%clk 1:07:45]} h6 {[%clk 0:57:24]} 13. h4 {[%clk 1:07:45]} O-O {[%clk 0:57:08]}
14. Qc1 {[%clk 1:07:00]} Kh7 {[%clk 0:57:00]} 15. a4 {[%clk 1:02:55]} Qb6
{[%clk 0:49:59]} 16. Be3 {[%clk 0:52:32]} Qb7 {[%clk 0:46:20]} 17. Bc5
{[%clk 0:51:48]} bxa4 {[%clk 0:42:54]} 18. Bd6 {[%clk 0:52:02]} cxd3
{[%clk 0:42:27]} 19. Bxd3 {[%clk 0:46:49]} Qxb2 {[%clk 0:41:00]} 20. Rxa4
{[%clk 0:34:46]} Bd7 {[%clk 0:35:40]} 21. Rf4 {[%clk 0:30:38]} Kg8
{[%clk 0:28:57]} 22. Bxb8 {[%clk 0:27:37]} Qxb8 {[%clk 0:29:24]} 23. Qa3
{[%clk 0:27:58]} Re8 {[%clk 0:29:39]} 24. Rb1 {[%clk 0:27:16]} Qd8
{[%clk 0:28:26]} 25. Rb7 {[%clk 0:14:36]} Bc8 {[%clk 0:26:46]} 26. Rb1
{[%clk 0:11:44]} Nxe5 {[%clk 0:24:36]} 27. Nxe5 {[%clk 0:11:47]} Bxe5
{[%clk 0:24:42]} 28. Ra4 {[%clk 0:10:55]} Bd6 {[%clk 0:20:15]} 29. Qb2
{[%clk 0:06:33]} Bd7 {[%clk 0:17:30]} 30. Bb5 {[%clk 0:06:46]} Nc6
{[%clk 0:17:49]} 31. Nf3 {[%clk 0:03:10]} Qf6 {[%clk 0:15:43]} 32. Kg2
{[%clk 0:03:24]} Rb8 {[%clk 0:15:37]} 33. Qd2 {[%clk 0:01:27]} Na7
{[%clk 0:06:57]} 34. Bxd7 {[%clk 0:00:34]} Rxb1 {[%clk 0:07:04]} 35. Rxa5
{[%clk 0:00:48]} Rb7 {[%clk 0:06:41]} 36. Ba4 {[%clk 0:00:47]} Kg7
{[%clk 0:06:32]} 37. Ra6 {[%clk 0:00:35]} Bc5 {[%clk 0:05:48]} 38. h5
{[%clk 0:00:46]} Nc8 {[%clk 0:04:03]} 39. hxg6 {[%clk 0:00:56]} fxg6
{[%clk 0:04:20]} 40. Rc6 {[%clk 0:30:37]} Nb6 {[%clk 0:32:44]} 41. Bb3
{[%clk 0:23:40]} Rf7 {[%clk 0:13:09]} 42. Qd3 {[%clk 0:19:52]} Bxf2
{[%clk 0:04:26]} 43. Kxf2 {[%clk 0:16:18]} Nd7 {[%clk 0:04:47]} 44. Rc7
{[%clk 0:13:16]} g5 {[%clk 0:02:03]} 45. Ba4 {[%clk 0:05:15]} Ne5
{[%clk 0:01:47]} 46. Rxf7+ {[%clk 0:05:42]} Qxf7 {[%clk 0:02:07]} 47. Qe2
{[%clk 0:03:45]} Nxf3 {[%clk 0:02:26]} 48. Qxf3 {[%clk 0:01:14]} Qa7+
{[%clk 0:02:49]} 49. Qe3 {[%clk 0:01:07]} Qxa4 50. Qxe6 {[%clk 0:00:36]} Qc2+
{[%clk 0:03:28]} 51. Kf1 {[%clk 0:00:31]} Qxc3 {[%clk 0:03:45]} 52. Qe7+
{[%clk 0:00:48]} Kg6 {[%clk 0:03:49]} 53. Qe8+ {[%clk 0:00:32]} Kf5
{[%clk 0:03:56]} 54. Qd7+ {[%clk 0:00:44]} Ke4 {[%clk 0:04:09]} 55. Qe6+
{[%clk 0:00:32]} Kf3 {[%clk 0:02:08]} 56. Qxd5+ {[%clk 0:00:39]} Kxg3
{[%clk 0:02:37]} 57. Qd6+ {[%clk 0:00:46]} Kf3 {[%clk 0:02:39]} 58. Qf8+
{[%clk 0:00:38]} Kg4 {[%clk 0:02:24]} 59. Qxh6 {[%clk 0:00:44]} Qh3+
{[%clk 0:02:45]} 60. Qxh3+ {[%clk 0:00:33]} Kxh3 {[%clk 0:03:13]} 61. Kf2
{[%clk 0:00:32]} g4 {[%clk 0:02:54]} 62. Kg1 {[%clk 0:00:41]} Kg3
{[%clk 0:03:12]} 0-1

[Event "World Chess Olympiad 2018"]
[Site "Batumi"]
[Date "2018.09.27"]
[Round "4"]
[Board "3"]
[WhiteFideId "11300310"]
[White "Gaealafshwe Barileng"]
[BlackFideId "8504580"]
[Black "Anwuli Daniel"]
[Result "0-1"]
[LiveChessVersion "1.4.8"]
[BlackElo "2267"]
[WhiteElo "2144"]

1. Nf3 {[%clk 1:30:54]} e6 {[%clk 1:26:36]} 2. d4 {[%clk 1:31:14]} Nf6
{[%clk 1:26:25]} 3. c4 {[%clk 1:31:27]} d5 {[%clk 1:25:38]} 4. Nc3
{[%clk 1:30:59]} Be7 {[%clk 1:25:59]} 5. Bg5 {[%clk 1:30:42]} c6 {[%clk 1:26:08]}
6. e3 {[%clk 1:30:13]} Nbd7 {[%clk 1:26:03]} 7. Rc1 {[%clk 1:29:26]} O-O
{[%clk 1:26:05]} 8. Bd3 {[%clk 1:29:07]} dxc4 {[%clk 1:22:34]} 9. Bxc4
{[%clk 1:28:18]} b5 {[%clk 1:22:58]} 10. Bd3 {[%clk 1:28:30]} Bb7
{[%clk 1:23:24]} 11. O-O {[%clk 1:27:56]} a6 {[%clk 1:23:38]} 12. a4
{[%clk 1:27:12]} Rc8 {[%clk 1:19:55]} 13. Qe2 {[%clk 1:22:28]} Qa5
{[%clk 1:15:41]} 14. Nd2 {[%clk 1:05:26]} Rfe8 {[%clk 1:04:24]} 15. Ra1
{[%clk 0:55:20]} b4 {[%clk 0:55:25]} 16. Bxf6 {[%clk 0:55:01]} Nxf6
{[%clk 0:51:25]} 17. Nb3 {[%clk 0:42:16]} Qc7 {[%clk 0:49:14]} 18. Ne4
{[%clk 0:42:23]} Nxe4 {[%clk 0:49:32]} 19. Bxe4 {[%clk 0:42:52]} e5
{[%clk 0:49:28]} 20. Qc2 {[%clk 0:33:24]} g6 {[%clk 0:49:12]} 21. Rac1
{[%clk 0:33:17]} exd4 {[%clk 0:49:04]} 22. exd4 {[%clk 0:32:03]} a5
{[%clk 0:33:55]} 23. g3 {[%clk 0:28:48]} Red8 {[%clk 0:30:11]} 24. Rfd1
{[%clk 0:26:03]} Qb6 {[%clk 0:27:53]} 25. h4 {[%clk 0:22:40]} Rc7
{[%clk 0:26:34]} 26. h5 {[%clk 0:15:39]} Kg7 {[%clk 0:26:38]} 27. hxg6
{[%clk 0:13:23]} hxg6 {[%clk 0:27:01]} 28. Nc5 {[%clk 0:12:16]} Bc8
{[%clk 0:27:25]} 29. Nb3 {[%clk 0:09:33]} Be6 {[%clk 0:27:25]} 30. d5
{[%clk 0:08:14]} Bg4 {[%clk 0:27:42]} 31. dxc6 {[%clk 0:06:33]} Bxd1
{[%clk 0:27:33]} 32. Rxd1 {[%clk 0:06:58]} Rxd1+ {[%clk 0:27:33]} 33. Qxd1
{[%clk 0:07:18]} Bf6 {[%clk 0:27:46]} 34. Qc2 {[%clk 0:04:51]} Re7
{[%clk 0:25:23]} 35. Bf3 {[%clk 0:04:51]} Be5 {[%clk 0:24:27]} 36. Nd2
{[%clk 0:03:17]} Bxg3 {[%clk 0:21:23]} 37. Nc4 {[%clk 0:03:08]} Qc5
{[%clk 0:21:40]} 38. b3 {[%clk 0:00:38]} Bc7 {[%clk 0:21:53]} 39. Qd2
{[%clk 0:00:37]} Qf5 {[%clk 0:21:08]} 0-1

[Event "World Chess Olympiad 2018"]
[Site "Batumi"]
[Date "2018.09.27"]
[Round "4"]
[Board "4"]
[WhiteFideId "8500290"]
[White "Olape Bunmi"]
[BlackFideId "11300710"]
[Black "Notha Moakofi"]
[Result "1-0"]
[LiveChessVersion "1.4.8"]
[BlackElo "2071"]
[WhiteElo "2252"]

1. e4 {[%clk 1:30:58]} e5 {[%clk 1:30:50]} 2. Nf3 {[%clk 1:31:15]} Nc6
{[%clk 1:31:06]} 3. Bb5 {[%clk 1:31:25]} a6 {[%clk 1:31:25]} 4. Ba4
{[%clk 1:31:50]} Nf6 {[%clk 1:31:48]} 5. O-O {[%clk 1:32:13]} Be7
{[%clk 1:32:08]} 6. Re1 {[%clk 1:32:29]} b5 {[%clk 1:32:27]} 7. Bb3
{[%clk 1:32:52]} d6 {[%clk 1:32:45]} 8. c3 {[%clk 1:33:01]} O-O {[%clk 1:33:07]}
9. d3 {[%clk 1:33:23]} Na5 {[%clk 1:33:20]} 10. Bc2 {[%clk 1:33:45]} c5
{[%clk 1:33:44]} 11. Nbd2 {[%clk 1:34:03]} Nc6 {[%clk 1:32:08]} 12. Nf1
{[%clk 1:33:55]} Re8 {[%clk 1:32:13]} 13. Ng3 {[%clk 1:33:56]} h6
{[%clk 1:31:53]} 14. h3 {[%clk 1:33:49]} Bf8 {[%clk 1:31:58]} 15. a4
{[%clk 1:32:52]} Be6 {[%clk 1:29:34]} 16. d4 {[%clk 1:27:36]} exd4
{[%clk 1:27:59]} 17. cxd4 {[%clk 1:27:53]} cxd4 {[%clk 1:28:23]} 18. Nxd4
{[%clk 1:26:03]} Nxd4 {[%clk 1:24:43]} 19. Qxd4 {[%clk 1:26:14]} d5
{[%clk 1:19:43]} 20. axb5 {[%clk 1:22:48]} axb5 {[%clk 1:17:22]} 21. Rxa8
{[%clk 1:23:04]} Qxa8 {[%clk 1:17:49]} 22. e5 {[%clk 1:23:18]} Nd7
{[%clk 1:14:18]} 23. Qd3 {[%clk 1:23:12]} g6 {[%clk 1:14:26]} 24. Qxb5
{[%clk 1:22:57]} Rc8 {[%clk 1:13:37]} 25. Qe2 {[%clk 1:17:18]} Nxe5
{[%clk 1:10:46]} 26. Bf4 {[%clk 1:17:23]} Bg7 {[%clk 1:05:22]} 27. Bxe5
{[%clk 1:09:46]} Bxe5 {[%clk 1:05:17]} 28. Bxg6 {[%clk 1:09:11]} fxg6
{[%clk 0:59:05]} 29. Qxe5 {[%clk 1:09:05]} Bf7 {[%clk 0:59:30]} 30. Qf4
{[%clk 1:08:20]} Qb8 {[%clk 0:56:01]} 31. Qxh6 {[%clk 1:05:14]} Qxb2
{[%clk 0:55:42]} 32. Qg5 {[%clk 1:04:24]} Qc3 {[%clk 0:52:36]} 33. Rd1
{[%clk 1:02:10]} Re8 {[%clk 0:49:44]} 34. Kh2 {[%clk 1:00:08]} Qe5
{[%clk 0:46:01]} 35. Qg4 {[%clk 0:54:41]} Qe6 {[%clk 0:38:17]} 36. Qh4
{[%clk 0:53:39]} Qe7 {[%clk 0:36:54]} 37. Qh6 {[%clk 0:53:05]} Qe5
{[%clk 0:27:21]} 38. f4 {[%clk 0:52:34]} Qe3 {[%clk 0:24:18]} 39. Qg5
{[%clk 0:51:55]} Qe7 {[%clk 0:19:07]} 40. Qg4 {[%clk 1:20:29]} Kh7
{[%clk 0:42:18]} 41. Rd2 {[%clk 1:19:00]} Qf6 {[%clk 0:40:52]} 42. Qf3
{[%clk 1:17:38]} Re1 {[%clk 0:32:54]} 43. Qf2 {[%clk 1:16:58]} Re8
{[%clk 0:28:43]} 44. Qa7 {[%clk 1:14:56]} Re7 {[%clk 0:25:13]} 45. Qc5
{[%clk 1:14:34]} Kg7 {[%clk 0:22:35]} 46. Rf2 {[%clk 1:12:40]} Rd7
{[%clk 0:19:28]} 47. f5 {[%clk 1:10:54]} g5 {[%clk 0:17:12]} 48. Re2
{[%clk 1:09:39]} Kh7 {[%clk 0:14:39]} 49. Qc8 {[%clk 1:08:49]} Qd6
{[%clk 0:12:05]} 50. Qc1 {[%clk 1:08:10]} Qf6 {[%clk 0:10:28]} 51. Kh1
{[%clk 1:07:14]} Re7 {[%clk 0:09:55]} 52. Rxe7 {[%clk 1:06:37]} Qxe7
{[%clk 0:10:10]} 53. Qc3 {[%clk 1:06:45]} Qd6 {[%clk 0:09:34]} 54. Ne2
{[%clk 1:06:36]} Qe7 {[%clk 0:05:42]} 55. Nd4 {[%clk 1:06:30]} Qe5
{[%clk 0:05:10]} 56. Qd2 {[%clk 1:06:46]} Qe4 {[%clk 0:01:14]} 57. Nf3
{[%clk 1:05:42]} Qxf5 {[%clk 0:00:41]} 58. Qxg5 {[%clk 1:05:24]} Qb1+
{[%clk 0:00:50]} 59. Kh2 {[%clk 1:05:49]} Qb8+ {[%clk 0:00:52]} 60. Qg3
{[%clk 1:06:08]} Qxg3+ {[%clk 0:00:35]} 61. Kxg3 {[%clk 1:06:33]} Kg7
{[%clk 0:00:48]} 62. Kf4 {[%clk 1:06:51]} Kf6 {[%clk 0:01:13]} 63. Nd4
{[%clk 1:07:08]} Bg8 {[%clk 0:00:33]} 64. g4 {[%clk 1:07:20]} Bh7
{[%clk 0:00:45]} 65. h4 {[%clk 1:07:32]} Bd3 {[%clk 0:00:36]} 66. h5
{[%clk 1:07:46]} Bb1 {[%clk 0:00:37]} 67. g5+ {[%clk 1:07:55]} Kf7
{[%clk 0:00:37]} 68. Nf5 {[%clk 1:07:56]} Bd3 {[%clk 0:00:32]} 69. Ke5
{[%clk 1:07:36]} Be2 {[%clk 0:00:35]} 70. g6+ {[%clk 1:07:12]} Kg8
{[%clk 0:01:02]} 71. h6 {[%clk 1:06:59]} d4 {[%clk 0:00:31]} 72. Nxd4
{[%clk 1:06:50]} Bh5 {[%clk 0:00:32]} 73. Kf6 {[%clk 1:07:07]} Bxg6
{[%clk 0:00:32]} 74. Kxg6 {[%clk 1:07:26]} Kh8 {[%clk 0:00:57]} 75. Ne6
{[%clk 1:07:40]} Kg8 {[%clk 0:01:00]} 1-0

[Event "World Chess Olympiad 2018"]
[Site "Batumi"]
[Date "2018.09.27"]
[Round "4"]
[Board "1"]
[WhiteFideId "7700768"]
[White "Johnson Joshua"]
[BlackFideId "19600151"]
[Black "Cheikhna Mohamed Lemine"]
[Result "1-0"]
[LiveChessVersion "1.4.8"]
[BlackElo "1950"]
[WhiteElo "2261"]

1. e4 {[%clk 1:30:58]} e6 {[%clk 1:30:43]} 2. d3 {[%clk 1:30:50]} d5
{[%clk 1:30:37]} 3. Nd2 {[%clk 1:31:16]} Nf6 {[%clk 1:30:21]} 4. Ngf3
{[%clk 1:31:38]} dxe4 {[%clk 1:28:42]} 5. dxe4 {[%clk 1:32:03]} Bc5
{[%clk 1:27:49]} 6. Bc4 {[%clk 1:31:16]} O-O {[%clk 1:26:14]} 7. O-O
{[%clk 1:31:39]} Nc6 {[%clk 1:22:37]} 8. c3 {[%clk 1:30:49]} a5 {[%clk 1:16:45]}
9. a4 {[%clk 1:28:00]} h6 {[%clk 1:13:30]} 10. Qe2 {[%clk 1:28:14]} e5
{[%clk 1:12:36]} 11. Bb5 {[%clk 1:26:14]} Qe7 {[%clk 1:09:36]} 12. Nc4
{[%clk 1:22:44]} Bg4 {[%clk 1:07:23]} 13. Ne3 {[%clk 1:20:06]} Be6
{[%clk 1:04:10]} 14. Nc4 {[%clk 1:16:58]} Bg4 {[%clk 1:01:52]} 15. h3
{[%clk 1:15:48]} Bh5 {[%clk 1:00:04]} 16. Ne3 {[%clk 1:09:19]} Bg6
{[%clk 0:51:38]} 17. Nd5 {[%clk 1:03:31]} Nxd5 {[%clk 0:46:12]} 18. exd5
{[%clk 1:03:12]} e4 {[%clk 0:46:22]} 19. dxc6 {[%clk 1:02:58]} exf3
{[%clk 0:46:29]} 20. Qxe7 {[%clk 1:02:04]} Bxe7 {[%clk 0:46:46]} 21. cxb7
{[%clk 1:02:28]} Rab8 {[%clk 0:42:21]} 22. Bc6 {[%clk 1:02:03]} fxg2
{[%clk 0:42:10]} 23. Re1 {[%clk 1:02:29]} Bc5 {[%clk 0:39:26]} 24. Bf4
{[%clk 1:02:46]} Bb6 {[%clk 0:34:34]} 25. c4 {[%clk 1:03:09]} Rbd8
{[%clk 0:34:07]} 26. Rad1 {[%clk 1:01:32]} f6 {[%clk 0:31:18]} 27. c5
{[%clk 1:00:52]} Bxc5 {[%clk 0:30:14]} 28. Rxd8 {[%clk 1:00:41]} Rxd8
{[%clk 0:21:27]} 29. Bxc7 {[%clk 1:01:05]} 1-0

[Event "World Chess Olympiad 2018"]
[Site "Batumi"]
[Date "2018.09.27"]
[Round "4"]
[Board "2"]
[WhiteFideId "19600160"]
[White "Yahi Mohamed Salem"]
[BlackFideId "7700512"]
[Black "Cupid Kevin"]
[Result "0-1"]
[LiveChessVersion "1.4.8"]
[BlackElo "2124"]
[WhiteElo "1926"]

1. e4 {[%clk 1:30:56]} c6 {[%clk 1:30:06]} 2. d4 {[%clk 1:31:18]} d5
{[%clk 1:30:34]} 3. exd5 {[%clk 1:31:42]} cxd5 {[%clk 1:30:56]} 4. c3
{[%clk 1:32:00]} Nf6 {[%clk 1:29:20]} 5. Bd3 {[%clk 1:31:57]} Nc6
{[%clk 1:29:24]} 6. Bf4 {[%clk 1:32:16]} Bg4 {[%clk 1:27:13]} 7. Qb3
{[%clk 1:31:57]} Na5 {[%clk 1:26:57]} 8. Qa4+ {[%clk 1:30:22]} Bd7
{[%clk 1:27:03]} 9. Qc2 {[%clk 1:30:37]} Qb6 {[%clk 1:25:57]} 10. Nd2
{[%clk 1:28:54]} Bb5 {[%clk 1:25:14]} 11. Ngf3 {[%clk 1:28:20]} e6
{[%clk 1:24:32]} 12. O-O {[%clk 1:28:30]} Rc8 {[%clk 1:22:26]} 13. Rfe1
{[%clk 1:25:50]} Be7 {[%clk 1:21:34]} 14. Ne5 {[%clk 1:23:43]} O-O
{[%clk 1:21:42]} 15. Ndf3 {[%clk 1:23:36]} Bxd3 {[%clk 1:21:52]} 16. Nxd3
{[%clk 1:22:20]} Nc4 {[%clk 1:20:51]} 17. Qe2 {[%clk 1:21:58]} Nd6
{[%clk 1:15:51]} 18. Nfe5 {[%clk 1:20:30]} a5 {[%clk 1:15:12]} 19. Nc5
{[%clk 1:19:47]} Rxc5 {[%clk 1:13:43]} 20. dxc5 {[%clk 1:19:43]} Qxc5
{[%clk 1:14:11]} 21. Bg5 {[%clk 1:18:38]} Qc7 {[%clk 1:13:38]} 22. Ng4
{[%clk 1:17:32]} Nfe4 {[%clk 1:08:29]} 23. Bxe7 {[%clk 1:17:34]} Qxe7
{[%clk 1:08:57]} 24. Ne3 {[%clk 1:16:26]} Qc7 {[%clk 1:01:28]} 25. Rac1
{[%clk 1:16:02]} Qc5 {[%clk 0:57:25]} 26. f3 {[%clk 1:15:00]} Nf6
{[%clk 0:52:49]} 27. Kh1 {[%clk 1:15:05]} b5 {[%clk 0:52:18]} 28. Nc2
{[%clk 1:14:39]} Re8 {[%clk 0:33:04]} 29. Qe3 {[%clk 1:12:46]} Qc7
{[%clk 0:32:28]} 30. Qe5 {[%clk 1:10:37]} Nd7 {[%clk 0:28:23]} 31. Qe2
{[%clk 1:07:07]} Qc5 {[%clk 0:24:00]} 32. Nd4 {[%clk 1:04:37]} e5
{[%clk 0:22:47]} 33. b4 {[%clk 1:04:28]} axb4 {[%clk 0:16:27]} 34. Nb3
{[%clk 1:04:01]} Qc4 {[%clk 0:16:30]} 35. cxb4 {[%clk 1:04:11]} Qxb4
{[%clk 0:13:11]} 36. Rc7 {[%clk 1:02:11]} Nf6 {[%clk 0:13:26]} 37. Qf2
{[%clk 0:59:48]} Nc4 {[%clk 0:10:35]} 38. g4 {[%clk 0:57:09]} h6 {[%clk 0:09:25]}
39. Rg1 {[%clk 0:56:28]} g5 {[%clk 0:08:32]} 40. h4 {[%clk 1:24:31]} Qc3
{[%clk 0:34:13]} 41. Rc1 {[%clk 1:19:43]} Qd3 {[%clk 0:34:32]} 42. Nc5
{[%clk 1:18:25]} Qa3 {[%clk 0:34:56]} 43. Rf1 {[%clk 1:17:28]} d4
{[%clk 0:23:30]} 44. Nb3 {[%clk 1:16:40]} Qd6 {[%clk 0:22:19]} 45. Rc5
{[%clk 1:11:57]} Rb8 {[%clk 0:14:38]} 46. f4 {[%clk 1:08:04]} gxf4
{[%clk 0:13:53]} 47. Qf3 {[%clk 1:06:47]} Na5 {[%clk 0:04:50]} 48. Rc2
{[%clk 1:03:51]} Nxb3 {[%clk 0:05:08]} 49. axb3 {[%clk 1:04:01]} Qd5
{[%clk 0:04:19]} 50. g5 {[%clk 1:01:53]} hxg5 {[%clk 0:04:39]} 51. hxg5
{[%clk 1:01:08]} Qxf3+ {[%clk 0:03:37]} 52. Rxf3 {[%clk 1:01:34]} Ne4
{[%clk 0:02:42]} 53. g6 {[%clk 0:59:46]} f5 {[%clk 0:01:39]} 54. Rh3
{[%clk 0:59:22]} Rb6 {[%clk 0:01:00]} 55. Rc8+ {[%clk 0:54:40]} Kg7
{[%clk 0:01:16]} 56. Rc7+ {[%clk 0:53:49]} Kxg6 {[%clk 0:01:37]} 57. Rhh7
{[%clk 0:53:16]} Kg5 {[%clk 0:00:46]} 58. Kg2 {[%clk 0:51:54]} d3
{[%clk 0:01:08]} 59. Rcd7 {[%clk 0:51:34]} d2 {[%clk 0:01:27]} 60. Rh1
{[%clk 0:51:09]} Rd6 {[%clk 0:01:03]} 61. Rdh7 {[%clk 0:49:46]} f3+
{[%clk 0:00:57]} 62. Kxf3 {[%clk 0:49:43]} d1=Q+ {[%clk 0:01:22]} 63. Rxd1
{[%clk 0:49:41]} Rxd1 {[%clk 0:01:47]} 64. Ke2 {[%clk 0:49:11]} Rb1
{[%clk 0:02:00]} 65. Re7 {[%clk 0:49:26]} Kf4 {[%clk 0:02:25]} 0-1

[Event "World Chess Olympiad 2018"]
[Site "Batumi"]
[Date "2018.09.27"]
[Round "4"]
[Board "3"]
[WhiteFideId "7700156"]
[White "Harper Ryan"]
[BlackFideId "19601409"]
[Black "Mohamed Lemine Mohamed"]
[Result "1-0"]
[LiveChessVersion "1.4.8"]
[BlackElo "1844"]
[WhiteElo "2226"]

1. e4 {[%clk 1:30:57]} e5 {[%clk 1:30:52]} 2. Nf3 {[%clk 1:31:23]} Nf6
{[%clk 1:31:14]} 3. Nxe5 {[%clk 1:31:12]} d6 {[%clk 1:31:38]} 4. Nf3
{[%clk 1:31:37]} Nxe4 {[%clk 1:31:59]} 5. c4 {[%clk 1:31:39]} d5 {[%clk 1:27:23]}
6. Nc3 {[%clk 1:26:54]} Be6 {[%clk 1:19:34]} 7. cxd5 {[%clk 1:23:56]} Nxc3
{[%clk 1:14:49]} 8. dxc3 {[%clk 1:23:56]} Qxd5 {[%clk 1:14:55]} 9. Bd3
{[%clk 1:23:49]} Nc6 {[%clk 1:09:23]} 10. Be2 {[%clk 0:45:12]} Qxd1+
{[%clk 0:59:50]} 11. Bxd1 {[%clk 0:44:29]} Be7 {[%clk 0:40:04]} 12. Ba4
{[%clk 0:41:43]} O-O {[%clk 0:36:04]} 13. Bf4 {[%clk 0:37:37]} Bd6
{[%clk 0:33:39]} 14. Bxd6 {[%clk 0:37:43]} cxd6 {[%clk 0:34:08]} 15. O-O-O
{[%clk 0:26:08]} Rad8 {[%clk 0:30:13]} 16. Kb1 {[%clk 0:23:48]} Ne5
{[%clk 0:28:33]} 17. Nd4 {[%clk 0:18:38]} a6 {[%clk 0:21:08]} 18. Rhe1
{[%clk 0:18:06]} Bd7 {[%clk 0:15:32]} 19. Bb3 {[%clk 0:13:13]} Rfe8
{[%clk 0:12:46]} 20. f3 {[%clk 0:05:33]} Kf8 {[%clk 0:11:06]} 21. Bd5
{[%clk 0:04:55]} Bc6 {[%clk 0:09:49]} 22. Be4 {[%clk 0:04:31]} Bxe4+
{[%clk 0:05:10]} 23. Rxe4 {[%clk 0:04:42]} d5 {[%clk 0:04:19]} 24. Ree1
{[%clk 0:02:29]} g6 {[%clk 0:03:33]} 25. Nb3 {[%clk 0:01:58]} b6 {[%clk 0:01:54]}
26. Nd4 {[%clk 0:02:11]} b5 {[%clk 0:01:02]} 27. b3 {[%clk 0:02:15]} Rd6
{[%clk 0:00:43]} 28. Kc2 {[%clk 0:01:46]} f6 {[%clk 0:00:47]} 29. f4
{[%clk 0:01:25]} Ng4 {[%clk 0:00:48]} 30. Rxe8+ {[%clk 0:01:36]} Kxe8
{[%clk 0:01:17]} 31. Re1+ {[%clk 0:01:54]} Kd7 {[%clk 0:01:04]} 32. h3
{[%clk 0:01:07]} Nf2 {[%clk 0:00:59]} 33. Re3 {[%clk 0:00:53]} Ne4
{[%clk 0:00:45]} 34. g4 {[%clk 0:00:51]} h6 {[%clk 0:00:41]} 35. Kb2
{[%clk 0:00:45]} Kc7 {[%clk 0:00:37]} 36. Kc2 {[%clk 0:01:05]} Kd7
{[%clk 0:01:01]} 37. a3 {[%clk 0:01:28]} Kc7 {[%clk 0:00:41]} 38. f5
{[%clk 0:01:31]} g5 {[%clk 0:00:36]} 39. Kb2 {[%clk 0:01:21]} Kd7
{[%clk 0:00:37]} 40. Kc2 {[%clk 0:31:37]} Nc5 {[%clk 0:30:34]} 41. Re2
{[%clk 0:23:25]} Ne4 {[%clk 0:25:26]} 42. Rh2 {[%clk 0:21:42]} Ke7
{[%clk 0:19:08]} 43. h4 {[%clk 0:19:28]} Kf7 {[%clk 0:18:48]} 44. hxg5
{[%clk 0:19:15]} fxg5 {[%clk 0:18:04]} 45. Kd3 {[%clk 0:18:07]} Nc5+
{[%clk 0:17:00]} 46. Ke3 {[%clk 0:17:23]} Kg7 {[%clk 0:16:21]} 47. b4
{[%clk 0:17:37]} Ne4 {[%clk 0:15:55]} 48. Ne6+ {[%clk 0:17:59]} Kh7
{[%clk 0:16:16]} 49. Kd4 {[%clk 0:18:05]} Rc6 {[%clk 0:05:40]} 50. Kxd5
{[%clk 0:17:01]} Rc4 {[%clk 0:06:04]} 51. Ke5 {[%clk 0:17:23]} Nxc3
{[%clk 0:05:39]} 52. Nxg5+ {[%clk 0:15:12]} Kg8 {[%clk 0:05:11]} 53. Rxh6
{[%clk 0:15:35]} Rxg4 {[%clk 0:04:20]} 54. Rg6+ {[%clk 0:16:03]} Kh8
{[%clk 0:04:31]} 55. Nf7+ {[%clk 0:16:29]} Kh7 {[%clk 0:04:56]} 56. Rxg4
{[%clk 0:16:50]} 1-0